|
|
|
|
| LEADER |
00631cam a2200229ua 4500 |
| 008 |
060815t2000||||||||||| 001 ||eng c |
| 020 |
|
|
|a 1-874545-78-2
|
| 041 |
0 |
|
|a eng
|
| 082 |
|
|
|a 577
|b VAR/E
|
| 245 |
1 |
0 |
|a Environmental microbiology /
|
| 250 |
|
|
|a 1st
|
| 260 |
|
|
|a London:
|b Manson,
|c 2000.
|
| 300 |
|
|
|a 160p..
|
| 362 |
1 |
|
|a 2000.
|
| 365 |
|
|
|a Pd.29.95
|e pb
|
| 500 |
|
|
|a Includes index.
|
| 650 |
|
|
|a Ecology
|
| 650 |
0 |
|
|a Life sciences
|
| 700 |
0 |
2 |
|a Varnam,, Alan H.
|
| 942 |
|
|
|c BK
|
| 999 |
|
|
|c 4800
|d 4800
|
| 952 |
|
|
|0 0
|1 0
|4 0
|6 577_000000000000000_VAR
|7 0
|9 5025
|a KUCL
|b KUCL
|d 2014-05-23
|l 0
|o 577 VAR/
|p 08451
|r 2014-05-23
|w 2014-05-23
|y BK
|